000 04805nam a22006497a 4500
001 113641
003 DR-UNIBE
005 20250516105100.0
008 250516b2024 sp ||||| |||| 00| 0 spa d
020 _a9788427731899
040 _aBIBLIOTECA UNIBE
_cBIBLIOTECA UNIBE
_erda
041 _aspa
082 _a370.7 A654c
245 0 3 _aEl desafío del aprendizaje cooperativo en la universidad /
_cVirginia Acuña-Ferreira [y otros veinticuatro]
260 _aMadrid :
_bNarcea ,
_c2024
300 _a146 páginas
490 _aUniversitaria
505 _a1. EL APRENDIZAJE COOPERATIVO EN LA UNIVERSIDAD | 2. ÁMBITO A. LA COHESIÓN DE GRUPO: DINÁMICAS PARA FOMENTAR LA PARTICIPACIÓN Y EL CONOCIMIENTO MUTUO. LOS EQUIPOS COOPERATIVOS | 2.1. Ámbito de intervención A. La pelota | 2.2. Ámbito de intervención A. El blanco y la diana | 2.3. Ámbito de intervención A. Mundo de colores | 3. ÁMBITO B. EL TRABAJO EN EQUIPO COMO RECURSO: ESTRUCTURAS COOPERATIVAS SIMPLES | 3.1. Ámbito de intervención B. Lectura compartida | 3.2. Ámbito de intervención B. 1-2-4 | 3.3. Ámbito de intervención B. El folio giratorio | 3.4. Ámbito de intervención B. Parada de tres minutos | 3.5. Ámbito de intervención B. Lápices al centro | 3.6. Ámbito de intervención B. Juego de palabras | 4. ÁMBITO C. EL TRABAJO EN EQUIPO COMO CONTENIDO | EPÍLOGO. UN PROYECTO CON VOCACIÓN DE CONTINUIDAD: ¿DÓNDE ESTAMOS? ¿HACIA DÓNDE VAMOS? |
520 3 _aEn la docencia universitaria, es frecuente escuchar: “No trabajan en equipo, dividen los trabajos y solo saben de su parte. No serán capaces de integrarse en un equipo”. Fomentar el trabajo en equipo sigue siendo una prioridad en nuestras aulas universitarias. Cada año, el alumnado se gradúa e inicia su trayectoria profesional sin haber desarrollado y afianzado sus habilidades en una competencia transversal y esencial en cualquier profesión o disciplina: el trabajo en equipo. Este libro presenta una experiencia práctica de transformación en la docencia universitaria para cooperar aprendiendo y, a la vez, aprender a cooperar. Parte de un proceso de acompañamiento y formación del profesorado de la Facultade de Educación y Traballo Social (FETS) de la Universidade de Vigo que ha favorecido la implementación del aprendizaje cooperativo en las cuatro titulaciones de este centro, analizando los primeros resultados e impactos en los procesos de enseñanza-aprendizaje. El manual proporciona una base teórica combinada con procedimientos prácticos para transformar la docencia de manera gradual. Incluye ejemplos prácticos de la implementación en diferentes materias y cursos, recogiendo las opiniones y experiencias del propio alumnado.
650 7 _2lemb
_aEducación superior
650 7 _2lemb
_aInnovaciones educativas
650 7 _2lemb
_aProfesores
650 7 _2lemb
_aDocencia
_997841
653 _aDesarrollo profesional docente
653 _aMétodos en educación
653 _aDocencia universitaria
700 1 _a Alonso-Ferreiro, Almudena
_eeditor
_9195545
700 1 _aMociño-González, Isabel
_eeditor
_9195546
700 1 _aRiobóo-Lois, Breogán
_eeditor
_9195547
700 1 _aZabalza-Cerdeiriña, María-Ainoa
_eeditor
_9151713
700 1 _aAcuña-Ferreira, Virginia
_eautor
_9195548
700 1 _aBlanco-Pardo, Nazaret
_eautor
_9195549
700 1 _aCarrera-Fernández, María Victoria
_eautor
_9195550
700 1 _aCasal-de-la-Fuente, Lucía
_eautor
_9195551
700 1 _aCastro-Pais, María Dolores
_eautor
_9195552
700 1 _aCochón-Núñez, María Concepción
_eautor
_9195553
700 1 _aConde-Rodríguez, Ángeles
_eautor
_9195554
700 1 _aDíeguez-García, Nuria
_eautor
_9195555
700 1 _aEscuredo-Pérez, Olga
_eautor
_9195556
700 1 _aFernández-Vázquez, Mar
_eautor
_9195557
700 1 _aFerreiro-González, Isabel
_eautor
_9195558
700 1 _aGarcía-Fuentes, Olalla
_eautor
_9195559
700 1 _aGarcía-Señorán, María del Mar
_eautor
_9195560
700 1 _aGonzález-Rodríguez, Rubén
_eautor
_9195561
700 1 _aGonzález-Vázquez, Mercedes
_eautor
_9195562
700 1 _aIglesias-Álvarez, Ana
_eautor
_9195563
700 1 _aLago-Martínez, José Ramón
_eautor
_9195564
700 1 _aLoureiro-Ga, Marcos
_eautor
_9195565
700 1 _aMartínez-Román, Rosana
_eautor
_9195566
700 1 _aRaposo-Rivas, Manuela
_eautor
_9195567
700 1 _aRodríguez-Enríquez, Mónica
_eautor
_9195568
700 1 _aRodríguez-Rodríguez, Juan Luis
_eautor
_9195569
700 1 _aSierra-Martínez, Silvia
_eautor
_9195570
700 1 _aVázquez-Figueiredo, María José
_eautor
_9195571
700 1 _aVázquez-Pérez, Raquel
_eautor
_9195572
942 _2ddc
_cBK
999 _c113642
_d113642